000 00721cam a22002055a 4500
001 L150633
008 100805s2010 xxk f s 000 0 eng d
035 _a(Sirsi) u150633
041 0 _aeng
100 1 _aTaylor, Lewis
245 0 0 _aParty walls
_bturning the heat up
260 _c2010
490 _aHousebuilder
_v85(7) July 2010, 22(1)
520 _aFollowing the launch of the new Approved Document Part L 2010, this article discusses the implications of the new requirements in relation to the thermal performance of party walls.
590 _aKA
650 2 4 _aBUILDING REGULATIONS 2000 APPROVED DOCUMENT L (2010 EDITION)
651 4 _aUnited Kingdom
_y
690 _aBuilding regulations
_96224
942 _n0
999 _c82583
_d82583